000 00738nam a22001937a 4500
999 _c173254
_d173254
005 20200220172203.0
010 _aUR-10702
020 _c400.00
_a-
035 _aU-9257
037 _bDBAD/PUB
_a-
082 _a808.882
100 _aنا ر نگ سا قی
245 _aشگفتگی و بر جستگي قلم کا ر و ں کی (ا د بی لطا ءف)
_cنا ر نگ سا قی
246 _bShaguftagi Wa Barjastagi Qalam Karon Ki (Adabi Latifey) (Urdu)
_aby Narang Saqi
260 _aN.Delhi
_bM.R.Publications
_c2019 ء
270 _a# 10 Metropole Market,2724-25 Ist Floor Kucha Chelan.Darya Ganj,
_bN.Delhi
_e110002
_k09810784549
_l-
300 _a360 ص
_c22 Cm(Hb)
942 _2ddc
_cUR
_h808.882
_mن ا ر